OECD Development Co-operation Peer Reviews: Luxembourg 2017

Saved in:
Bibliographic Details
Format: Book
Language:English
Published: Paris OECD 2017
Series:OECD Development Co-operation Peer Reviews
Subjects:
Tags: Add Tag
No Tags, Be the first to tag this record!

MARC

LEADER 00000nam a2200000 4500
001 0242401
005 20240314123237.8
020 |a 978-92-64-28435-7 
041 0 |a eng 
044 |a FR 
245 1 0 |a OECD Development Co-operation Peer Reviews: Luxembourg 2017 
264 1 |a Paris  |b OECD  |c 2017 
300 |a 114 s. 
490 1 |a OECD Development Co-operation Peer Reviews 
830 0 |a OECD Development Co-operation Peer Reviews 
610 2 0 |a spolupráca medzinárodná 
610 2 0 |a kooperácia 
610 2 0 |a pomoc rozvojová 
610 2 0 |a krajiny rozvojové 
610 2 0 |a ochrana zdravia 
610 2 0 |a podpora vzdelávania 
610 2 0 |a redukcia chudoby 
610 2 0 |a programy rozvojové 
610 2 0 |a pomoc humanitárna 
610 2 0 |a partnerstvo strategické 
610 2 0 |a záväzky 
610 2 0 |a Luxembursko